00647 2200193 4500001002100000005001500021035002000036007000300056008004100059020002100100082001600121084002200137100001500159245012900174250003400303260004100337300003600378650003900414INLIS00000000000418220251211121214 a0010-1225000068ta251211 j ind  a978-623-660-05-4 a899.221 301 a899.221 301 MUH s0 aMuh. Ramli1 aSahabat Until Jannah :bSebuah Harapan Bersama di Dunia dan di Surga-Nya /cMuh. Ramli (Penulis); R. Hidayat (Desain Sampul) aCetakan Pertama, Agustus 2020 aBantul :bLembaga Ladang Kata,c2020 ax; 231 Halaman :bteks ;c21 cm 4aCerita Pendek Indonesia - Kumpulan